000 00345nam a2200157Ia 4500
100 _aGajjar/Dhiren
650 _aAutomobiles
942 _cBK
654 _aCommunication skills
245 _aCommunication Skills
260 _bStudents book depot
_aMumbai
082 _a302.2-076
_bGAJ
300 _a140
546 _aENGLISH
999 _c21726
_d21726